000 00636nam a2200241Ia 4500
001 12252
003 GE_BSU
008 181216s||||||||xx |||||||||||||| ||und||
020 _a9785970431672
040 _cGE_BSU
080 _a615.83(075.8)
100 _aПономаренко,Г.Н.
245 _aОбщая физиотерапия
245 _bУчебник
250 _a5-ое дополн.и перераб.
260 _aМосква
260 _bГеотар-Медиа
260 _c2014
300 _a365стр.илл.21см.
541 _h84Л.
653 _aОбщая физиотерапия
942 _cBK
999 _c45428
_d45428